Guo Xiang Lun yu yin yi /

Saved in:
Bibliographic Details
Other Authors: Yan, Lingfeng, 1904- (comp.)
Format: Book
Language:Chinese
Published: Taibei, [Min guo 55 i.e. 1966]
Series:Wu qiu bei zhai Lun yu ji cheng ; 127.
Subjects:
Tags: Add Tag
No Tags, Be the first to tag this record!
LEADER 01391cam a2200349ui 4500
001 007724444-3
005 20024617111505.0
008 960729r1966uuuuch 000 0 chi d
035 0 |a ocm35157964 
040 |a PPiU  |c PPiU  |d *YNH*  |d CStRLIN 
245 0 0 |6 880-01  |a Guo Xiang Lun yu yin yi /  |c Yan Lingfeng bian ji. 
246 3 0 |6 880-02  |a Lun yu yin yi 
260 |6 880-03  |a Taibei,  |c [Min guo 55 i.e. 1966] 
300 |a 1 v. (double leaves) in case. 
490 1 |6 880-04  |a Wu qiu bei zhai Lun yu ji cheng ;  |v 127 
500 |6 880-05  |a (In Yan Lingfeng bian ji Wu qiu bei zhai Lun yu ji cheng v. 286) 
500 |6 880-06  |a Facsimile reproduction of Han Wei yi shu chao ben. 
600 0 0 |6 880-07  |a Confucius.  |t Lun yu. 
650 0 |a Chinese classics. 
700 1 |6 880-08  |a Yan, Lingfeng,  |d 1904-  |e comp. 
880 0 0 |6 245-01  |a 郭象論語隱義 /  |c 嚴靈峯編輯. 
880 3 0 |6 246-02  |a 論語隱義 
880 |6 260-03  |a 台北,  |c [民國55 i.e. 1966] 
880 1 |6 490-04  |a 無求備齋論語集成 ;  |v 127 
880 |6 500-05  |a (In 嚴靈峯編輯 無求備齋論語集成 v. 286) 
880 |6 500-06  |a Facsimile reproduction of 漢魏遺書鈔本. 
880 0 0 |6 600-07  |a Confucius.  |t 論語. 
880 1 |6 700-08  |a 嚴靈峯,  |d 1904-  |e comp. 
830 0 |6 880-54  |a Wu qiu bei zhai Lun yu ji cheng ;  |v 127. 
880 0 |6 830-54  |a 無求備齋論語集成 ;  |v 127. 
988 |a 20021109 
906 |0 OCLC